[Event "Niederbayernliga 0607"]
[Site "Germany"]
[Date "2007.??.??"]
[Round "5.7"]
[White "Angermeier, Gerhard"]
[Black "Englbrecht, Kurt"]
[Result "1/2-1/2"]
[WhiteElo "1745"]
[BlackElo "1595"]
[PlyCount "26"]
[EventDate "2006.??.??"]
[EventType "team"]
[EventRounds "9"]
[EventCountry "GER"]
[SourceTitle "EXT 2008"]
[Source "ChessBase"]
[SourceDate "2007.11.25"]
[SourceVersion "1"]
[SourceVersionDate "2007.11.25"]
[SourceQuality "1"]
[WhiteTeam "Eggenfelden"]
[BlackTeam "Kauflanden"]
[WhiteTeamCountry "GER"]
[BlackTeamCountry "GER"]

1. d4 d6 2. Nf3 Nf6 3. c4 g6 4. Nc3 Bg7 5. e4 c6 6. Be2 Bg4 7. 0-0 0-0 8. Rb1 Nbd7 9. Be3 Qc7 10. Qd2 Rad8 11. Rfc1 a6 12. b4 e6 13. a4 c5 1/2-1/2